Deutsche Großstädte anhand eines Bildes - Statistiken

Allgemein
  • Dieses Quiz wurde 80 mal gespielt
  • Das Durchschnittsergebnis liegt bei 35 aus 80
Antwortstatistiken
Bildquiz Hint Antwort % Korrekt
1.862.565 Hamburg
94%
1.505.005 München
94%
1.024.621 Köln
91%
358.193 Wuppertal
90%
3.685.265 Berlin
88%
267.213 Mönchengladbach
85%
168.581 Leverkusen
84%
756.021 Frankfurt am Main
81%
224.684 Mainz
78%
245.618 Chemnitz
76%
574.682 Essen
76%
611.850 Leipzig
72%
564.904 Dresden
70%
100.426 Kaiserslautern
70%
216.889 Lübeck
70%
618.685 Düsseldorf
69%
267.930 Gelsenkirchen
69%
586.271 Bremen
67%
104.342 Trier
67%
176.614 Ludwigshafen am Rhein
66%
529.508 Nürnberg
66%
612.663 Stuttgart
66%
252.668 Kiel
64%
113.378 Koblenz
64%
603.462 Dortmund
63%
141.185 Ingolstadt
63%
129.560 Wolfsburg
63%
358.676 Bochum
61%
502.270 Duisburg
61%
129.882 Ulm
57%
155.756 Heidelberg
55%
522.131 Hannover
54%
197.230 Kassel
52%
184.754 Potsdam
52%
118.610 Bremerhaven
49%
323.336 Bonn
46%
118.535 Bottrop
46%
309.050 Karlsruhe
46%
237.460 Freiburg im Breisgau
42%
252.962 Braunschweig
40%
318.035 Mannheim
39%
308.258 Münster
39%
213.646 Oberhausen
37%
155.851 Herne
36%
262.670 Aachen
34%
218.793 Erfurt
34%
205.307 Rostock
34%
100.479 Gütersloh
33%
109.725 Jena
33%
244.329 Magdeburg
33%
133.258 Würzburg
31%
301.105 Augsburg
28%
331.605 Bielefeld
27%
226.767 Halle (Saale)
27%
151.389 Regensburg
27%
165.626 Solingen
24%
167.029 Darmstadt
22%
288.850 Wiesbaden
22%
113.828 Remscheid
19%
190.384 Hagen
18%
131.986 Heilbronn
18%
104.970 Salzgitter
18%
102.685 Siegen
18%
132.746 Offenbach am Main
16%
166.057 Osnabrück
16%
115.344 Recklinghausen
15%
115.928 Erlangen
13%
231.406 Krefeld
13%
156.378 Paderborn
13%
118.852 Reutlingen
13%
132.036 Fürth
12%
179.968 Hamm
12%
173.050 Mülheim an der Ruhr
12%
182.971 Saarbrücken
12%
111.361 Bergisch Gladbach
10%
127.259 Göttingen
10%
101.503 Moers
9%
177.222 Oldenburg
9%
134.912 Pforzheim
9%
154.317 Neuss
7%
Keine übereinstimmenden Quizze gefunden
Verteilung der Resultate
Anzahl Personen mit jedem Resultat
Perzentil nach korrekt beantworteten Fragen
Ihre Resultats-Entwicklung
Sie haben dieses Quiz noch nicht gespielt